000
00246nmm a2200085Ia 4500
008
220120s9999||||xx |||||||||||||||||und||
100
_a
Linux, October
_9
11028
245
0
_a
Distro Pardus Linux, open Gue 8.04, Desktop ed. 3.1, Linux m
260
_c
2008
999
_c
139166
_d
139166